Podoby chudoby v súčasnosti a možnosti riešenia etnickej chudoby

Gespeichert in:
Bibliographische Detailangaben
1. Verfasser: Lešková, Lýdia
Weitere Verfasser: Bašistová, Alena, Krajňáková, Eva
Format: Buchkapitel
Sprache:Slowakisch
Tags: Tag hinzufügen
Keine Tags, Fügen Sie das erste Tag hinzu!

MARC

LEADER 00000naa$a2200000$$$4500
001 0144823
005 20240502072610.5
041 0 |a slo 
044 |a SK 
245 1 0 |a Podoby chudoby v súčasnosti a možnosti riešenia etnickej chudoby  |c Lýdia Lešková, Alena Bašistová, Eva Krajňáková 
100 1 |a Lešková, Lýdia 
700 1 |a Bašistová, Alena 
700 1 |a Krajňáková, Eva